[Event "Barcelona Sant Marti op-A 17th"]
[Site "Barcelona"]
[Date "2015.07.16"]
[Round "4"]
[White "Petrone, Gianmario"]
[Black "Moreno Perez, Norberto"]
[Result "1-0"]
[WhiteElo "2102"]
[BlackElo "1853"]
[PlyCount "77"]
[EventDate "2015.07.13"]
[EventType "swiss"]
[EventRounds "9"]
[EventCountry "ESP"]
[SourceTitle "CBM 167 Extra"]
[Source "ChessBase"]
[SourceDate "2015.09.14"]
[SourceVersion "1"]
[SourceVersionDate "2015.09.14"]
[SourceQuality "1"]

1. e4 e5 2. Nf3 Nc6 3. Bb5 d6 4. Nc3 Bg4 5. d3 Nge7 6. Ne2 a6 7. Ba4 h6 8. h3 Bh5 9. Ng3 Bg6 10. c3 b5 11. Bc2 Qd7 12. 0-0 Bh7 13. d4 f6 14. a4 Rb8 15. axb5 axb5 16. Re1 Nd8 17. Ra7 Nc8 18. Ra1 Be7 19. Be3 0-0 20. dxe5 fxe5 21. Nxe5 Qe8 22. Bb3+ Kh8 23. Nf3 Bf6 24. Bd4 Be5 25. Nxe5 dxe5 26. Bc5 Rf4 27. Ra6 c6 28. Be3 Rf8 29. Qg4 Nd6 30. Ra7 Rb7 31. Rxb7 N8xb7 32. Rd1 Qa8 33. Nh5 Ne8 34. Nxg7 Nf6 35. Qg3 Qb8 36. Nf5 Qc7 37. Bxh6 Bxf5 38. Bxf8 Nxe4 39. Qg8# 1-0

[Event "Milan SSM op 09"]
[Site "Milan"]
[Date "2014.10.07"]
[Round "7"]
[White "Miracola, Massimiliano"]
[Black "Petrone, Gianmario"]
[Result "1/2-1/2"]
[WhiteElo "2173"]
[BlackElo "1963"]
[PlyCount "42"]
[EventDate "2014.09.16"]
[EventType "swiss"]
[EventRounds "8"]
[EventCountry "ITA"]
[SourceTitle "EXT 2016"]
[Source "ChessBase"]
[SourceDate "2015.10.08"]
[SourceVersion "1"]
[SourceVersionDate "2015.10.08"]
[SourceQuality "1"]

1. e4 c5 2. Nc3 d6 3. f4 g6 4. Nf3 Bg7 5. Bc4 Nf6 6. d3 Nc6 7. 0-0 0-0 8. a3 Nd4 9. Nxd4 cxd4 10. Nd5 Nxd5 11. Bxd5 Qc7 12. Rf2 Be6 13. Bxe6 fxe6 14. Qg4 Rf6 15. Qh4 Qc5 16. f5 exf5 17. Bg5 Rff8 18. Bxe7 Rfe8 19. Bg5 Rf8 20. Be7 Rfe8 21. Bg5 Rf8 1/2-1/2

[Event "Kavala op 23rd"]
[Site "Kavala"]
[Date "2014.08.02"]
[Round "1"]
[White "Petrone, Gianmario"]
[Black "Enchev, Ivajlo"]
[Result "0-1"]
[WhiteElo "2045"]
[BlackElo "2393"]
[PlyCount "78"]
[EventDate "2014.08.02"]
[EventType "swiss"]
[EventRounds "9"]
[EventCountry "GRE"]
[SourceTitle "CBM 161 Extra"]
[Source "ChessBase"]
[SourceDate "2014.08.29"]
[SourceVersion "1"]
[SourceVersionDate "2014.08.29"]
[SourceQuality "1"]

1. e4 g6 2. d4 Bg7 3. Nc3 a6 4. a4 b6 5. Nf3 Bb7 6. h3 d6 7. Be3 Nd7 8. Qd2 h6 9. Be2 e6 10. 0-0 Ngf6 11. e5 Ne4 12. Nxe4 Bxe4 13. exd6 cxd6 14. c3 Nf6 15. c4 a5 16. Ne1 Rc8 17. Rc1 Bc6 18. b3 Ne4 19. Qd3 Bb7 20. d5 exd5 21. cxd5 Nc3 22. Bg4 f5 23. Bd4 Bxd4 24. Qxd4 0-0 25. Rxc3 Rxc3 26. Qxc3 fxg4 27. Qd3 Qg5 28. hxg4 Qxg4 29. Nf3 Qf5 30. Qe3 g5 31. Qxb6 Qxd5 32. Re1 Rf7 33. Re8+ Kh7 34. Qd8 Kg6 35. Rg8+ Kh5 36. Qe8 Bc6 37. Qe2 g4 38. Qc2 Rf6 39. Ne1 Qxg8 0-1

[Event "Milan Palladino Memorial-A 6th"]
[Site "Milan"]
[Date "2014.04.20"]
[Round "5"]
[White "Petrone, Gianmario"]
[Black "Girgenti, Giuseppe"]
[Result "1/2-1/2"]
[WhiteElo "2009"]
[BlackElo "1935"]
[PlyCount "116"]
[EventDate "2014.04.17"]
[EventType "swiss"]
[EventRounds "7"]
[EventCountry "ITA"]
[SourceTitle "EXT 2015"]
[Source "ChessBase"]
[SourceDate "2014.11.20"]
[SourceVersion "1"]
[SourceVersionDate "2014.11.20"]
[SourceQuality "1"]

1. e4 e5 2. Nf3 Nc6 3. Bb5 a6 4. Ba4 Nf6 5. Nc3 b5 6. Bb3 Bc5 7. 0-0 d6 8. Nd5 Be6 9. c3 Bxd5 10. exd5 Ne7 11. d4 exd4 12. Nxd4 h6 13. a4 0-0 14. axb5 Bxd4 15. Qxd4 axb5 16. Bf4 Qd7 17. Qd3 Ng6 18. Bg3 Rfe8 19. Rxa8 Rxa8 20. Re1 Re8 21. Rxe8+ Qxe8 22. Qe3 Qxe3 23. fxe3 Ne7 24. Bc2 Nexd5 25. e4 Ne3 26. Bd3 Nd1 27. e5 dxe5 28. Bxe5 c6 29. c4 bxc4 30. Bxc4 Ne3 31. Be2 Nd7 32. Bd6 Nf5 33. Bf4 g5 34. Bxg5 hxg5 35. Bg4 Ne5 36. Bxf5 c5 37. Kf2 Kg7 38. Ke2 Kf6 39. Bc2 Nc4 40. b3 Nd6 41. Bd3 Ke5 42. Ke3 f5 43. h3 Nc8 44. g3 Ne7 45. h4 gxh4 46. gxh4 Ng8 47. Bc4 Ne7 48. Kf3 Nc6 49. h5 Nd4+ 50. Kg3 Kf6 51. Kf4 Kg7 52. Kg5 Nxb3 53. Bxb3 Kh8 54. Bc4 f4 55. Kxf4 Kg7 56. Kg5 Kh8 57. Kf6 Kh7 58. Bf7 Kh8 1/2-1/2

[Event "Milan Palladino Memorial-A 6th"]
[Site "Milan"]
[Date "2014.04.17"]
[Round "1"]
[White "Petrone, Gianmario"]
[Black "Stella, Andrea"]
[Result "0-1"]
[WhiteElo "2009"]
[BlackElo "2433"]
[PlyCount "30"]
[EventDate "2014.04.17"]
[EventType "swiss"]
[EventRounds "7"]
[EventCountry "ITA"]
[SourceTitle "EXT 2015"]
[Source "ChessBase"]
[SourceDate "2014.11.20"]
[SourceVersion "1"]
[SourceVersionDate "2014.11.20"]
[SourceQuality "1"]

1. e4 e6 2. d4 d5 3. exd5 exd5 4. Qf3 Nc6 5. c3 Nf6 6. h3 Ne4 7. Bd3 f5 8. Ne2 Be7 9. c4 dxc4 10. Bxe4 fxe4 11. Qxe4 0-0 12. a3 Bf5 13. Qe3 Bf6 14. Qc3 Bd3 15. Be3 b5 0-1

[Event "Milan Carnevale op-A 5th"]
[Site "Milan"]
[Date "2014.03.09"]
[Round "5"]
[White "Vezzosi, Paolo"]
[Black "Petrone, Gianmario"]
[Result "1-0"]
[WhiteElo "2277"]
[BlackElo "2006"]
[PlyCount "67"]
[EventDate "2014.03.05"]
[EventType "swiss"]
[EventRounds "6"]
[EventCountry "ITA"]
[SourceTitle "EXT 2015"]
[Source "ChessBase"]
[SourceDate "2014.11.20"]
[SourceVersion "1"]
[SourceVersionDate "2014.11.20"]
[SourceQuality "1"]

1. d4 Nf6 2. Nf3 g6 3. Bf4 Bg7 4. e3 d5 5. c4 0-0 6. Nc3 c5 7. dxc5 Qa5 8. Rc1 Rd8 9. Qb3 Qxc5 10. cxd5 Nxd5 11. Bc4 Nc6 12. Nxd5 Rxd5 13. 0-0 Na5 14. Qa4 Nxc4 15. Qe8+ Bf8 16. Bh6 e6 17. e4 Rh5 18. Rxc4 Qe7 19. Qxf8+ Qxf8 20. Bxf8 Kxf8 21. Rd1 Ke8 22. e5 Bd7 23. g4 Rh6 24. Rc7 Bc6 25. Ng5 Rh4 26. f3 h5 27. h3 hxg4 28. fxg4 Bd5 29. Kf2 Rh8 30. Kg3 Rf8 31. Nh7 Kd8 32. Rxb7 Rh8 33. Rxf7 Rb8 34. Rxa7 1-0

[Event "Milan Carnevale op-A 5th"]
[Site "Milan"]
[Date "2014.03.06"]
[Round "2"]
[White "Guidi, Giacomo G"]
[Black "Petrone, Gianmario"]
[Result "1/2-1/2"]
[WhiteElo "1999"]
[BlackElo "2006"]
[PlyCount "42"]
[EventDate "2014.03.05"]
[EventType "swiss"]
[EventRounds "6"]
[EventCountry "ITA"]
[SourceTitle "EXT 2015"]
[Source "ChessBase"]
[SourceDate "2014.11.20"]
[SourceVersion "1"]
[SourceVersionDate "2014.11.20"]
[SourceQuality "1"]

1. e4 c5 2. Nc3 d6 3. g3 g6 4. Bg2 Bg7 5. f4 Nc6 6. Nge2 e6 7. 0-0 Nge7 8. g4 f5 9. Ng3 0-0 10. exf5 exf5 11. g5 Be6 12. b3 d5 13. Rb1 d4 14. Na4 b6 15. c4 dxc3 16. dxc3 Qxd1 17. Rxd1 Rad8 18. Bb2 Bd5 19. c4 Bxg2 20. Kxg2 Nd4 21. Kf2 Rfe8 1/2-1/2

[Event "Robecchetto op-A 24th"]
[Site "Robecchetto"]
[Date "2013.12.30"]
[Round "6"]
[White "Petrone, Gianmario"]
[Black "Barrera, Pietro"]
[Result "1/2-1/2"]
[WhiteElo "2017"]
[BlackElo "1912"]
[PlyCount "91"]
[EventDate "2013.12.27"]
[EventType "swiss"]
[EventRounds "6"]
[EventCountry "ITA"]
[SourceTitle "EXT 2015"]
[Source "ChessBase"]
[SourceDate "2014.11.20"]
[SourceVersion "1"]
[SourceVersionDate "2014.11.20"]
[SourceQuality "1"]

1. e4 e5 2. Nf3 Nc6 3. Bc4 Be7 4. d3 Nf6 5. 0-0 0-0 6. Bb3 d6 7. c3 Bg4 8. Re1 Qd7 9. Nbd2 Rae8 10. Nf1 Bd8 11. Ng3 Nh5 12. h3 Bxf3 13. Qxf3 Nxg3 14. Qxg3 Kh8 15. Bc2 a5 16. Be3 Re6 17. f4 exf4 18. Bxf4 Rg6 19. Qe3 Bh4 20. Rf1 Ne5 21. b3 Re6 22. Bd1 Ree8 23. Bh2 Ng6 24. Bg3 Qe7 25. Qf2 Bxg3 26. Qxg3 Qe5 27. Qxe5 Rxe5 28. Bg4 b6 29. Rae1 Kg8 30. a3 Rd8 31. Rf5 Ne7 32. Rff1 Ng6 33. Kf2 d5 34. exd5 Rexd5 35. d4 c5 36. Bf3 R5d6 37. dxc5 bxc5 38. Rd1 f6 39. Rxd6 Rxd6 40. Rd1 Rxd1 41. Bxd1 Ne5 42. Ke3 Kf7 43. Bc2 h6 44. Kf4 Ke6 45. Bh7 g6 46. Bg8+ 1/2-1/2

[Event "Mare di Fano op 2nd"]
[Site "Fano"]
[Date "2013.08.02"]
[Round "7"]
[White "Der Manuelian, Haik O"]
[Black "Petrone, Gianmario"]
[Result "1/2-1/2"]
[WhiteElo "2007"]
[BlackElo "1993"]
[PlyCount "199"]
[EventDate "2013.07.29"]
[EventType "swiss"]
[EventRounds "9"]
[EventCountry "ITA"]
[SourceTitle "EXT 2015"]
[Source "ChessBase"]
[SourceDate "2014.11.20"]
[SourceVersion "1"]
[SourceVersionDate "2014.11.20"]
[SourceQuality "1"]

1. e4 c5 2. Nf3 d6 3. d4 cxd4 4. Nxd4 Nf6 5. Nc3 a6 6. Be3 Ng4 7. Bg5 h6 8. Bh4 g5 9. Bg3 Bg7 10. Be2 h5 11. Bxg4 Bxg4 12. f3 Bd7 13. Qd2 g4 14. f4 Nc6 15. Bf2 Qa5 16. 0-0-0 b5 17. Kb1 Qb4 18. a3 Qa5 19. Nxc6 Bxc6 20. Bd4 Bxd4 21. Qxd4 0-0-0 22. Nd5 e6 23. Ne7+ Kb7 24. Rd3 Qb6 25. Nxc6 Qxc6 26. Rc3 Qd7 27. Rd1 d5 28. Rc5 Rc8 29. exd5 Rxc5 30. Qxc5 Rc8 31. Qd4 Rc4 32. Qe5 exd5 33. Qxh5 Rxf4 34. Qg5 Re4 35. h4 gxh3 36. gxh3 Qe6 37. Rxd5 Re1+ 38. Ka2 Kc6 39. c4 bxc4 40. Rc5+ Kd6 41. Qf5 Qxf5 42. Rxf5 Rh1 43. Rxf7 Rxh3 44. Rf6+ Kc5 45. Rxa6 Rg3 46. Ra8 Rh3 47. Rc8+ Kb5 48. Rd8 Kc5 49. Kb1 Rg3 50. Kc2 Rh3 51. Re8 Rg3 52. Rh8 Rg2+ 53. Kb1 Rg3 54. Rh5+ Kc6 55. Ka2 Rb3 56. a4 Rb4 57. a5 Rb5 58. Rh6+ Kb7 59. a6+ Ka7 60. Rc6 Ra5+ 61. Kb1 Rxa6 62. Rxc4 Rh6 63. Rb4 Rb6 64. Rc4 Kb7 65. Ka2 Rh6 66. Ka3 Kb6 67. Kb4 Rg6 68. Re4 Rh6 69. Kc4 Rg6 70. Kd5 Kb5 71. Re8 Rg5+ 72. Kd4 Rg4+ 73. Kc3 Rg3+ 74. Kc2 Rg2+ 75. Kb3 Rg3+ 76. Ka2 Kb4 77. Rb8+ Kc5 78. b3 Rg7 79. Ra8 Kb4 80. Ra4+ Kb5 81. Ka3 Rh7 82. Ra8 Rb7 83. Ra4 Rh7 84. Ra8 Rb7 85. b4 Rh7 86. Rb8+ Kc4 87. Rc8+ Kb5 88. Rc5+ Kb6 89. Ka4 Ra7+ 90. Kb3 Ra1 91. Kb2 Ra4 92. Kc3 Ra1 93. Kd4 Rd1+ 94. Kc4 Rc1+ 95. Kd5 Rd1+ 96. Ke4 Rb1 97. Rc4 Kb5 98. Rc8 Rxb4+ 99. Kd5 Rh4 100. Rb8+ 1/2-1/2

[Event "Mare di Fano op 2nd"]
[Site "Fano"]
[Date "2013.08.02"]
[Round "6"]
[White "Petrone, Gianmario"]
[Black "Panella, Fiammetta"]
[Result "1/2-1/2"]
[WhiteElo "1993"]
[BlackElo "2050"]
[PlyCount "32"]
[EventDate "2013.07.29"]
[EventType "swiss"]
[EventRounds "9"]
[EventCountry "ITA"]
[SourceTitle "EXT 2015"]
[Source "ChessBase"]
[SourceDate "2014.11.20"]
[SourceVersion "1"]
[SourceVersionDate "2014.11.20"]
[SourceQuality "1"]

1. e4 c5 2. Nf3 e6 3. c3 Nf6 4. e5 Nd5 5. d4 cxd4 6. cxd4 d6 7. Bc4 Nb6 8. Bb3 Nc6 9. 0-0 Be7 10. Nc3 0-0 11. a3 a6 12. Bf4 dxe5 13. dxe5 Na5 14. Ba2 Qxd1 15. Rfxd1 Nac4 16. Rab1 Rd8 1/2-1/2

[Event "Vaujany op 4th"]
[Site "Vaujany"]
[Date "2013.07.11"]
[Round "1"]
[White "Petrone, Gianmario"]
[Black "Juhasz, Kristof"]
[Result "1/2-1/2"]
[WhiteElo "1993"]
[BlackElo "2292"]
[PlyCount "70"]
[EventDate "2013.07.11"]
[EventType "swiss"]
[EventRounds "9"]
[EventCountry "FRA"]
[SourceTitle "EXT 2014"]
[Source "ChessBase"]
[SourceDate "2013.11.20"]
[SourceVersion "1"]
[SourceVersionDate "2013.11.20"]
[SourceQuality "1"]

1. e4 d6 2. Nf3 Nf6 3. Nc3 c6 4. d4 Bg4 5. h3 Bh5 6. Be2 e6 7. 0-0 d5 8. exd5 cxd5 9. Ne5 Bxe2 10. Nxe2 Nc6 11. Bf4 Be7 12. c3 0-0 13. Ng3 Rc8 14. Nh5 Ne4 15. Qg4 g6 16. Ng3 f5 17. Qe2 Nxg3 18. fxg3 Nxe5 19. Bxe5 Bf6 20. g4 Bxe5 21. Qxe5 Qf6 22. Rae1 Rce8 23. Qxf6 Rxf6 24. gxf5 Rxf5 25. Kh2 Rxf1 26. Rxf1 Rf8 27. Rxf8+ Kxf8 28. Kg3 Kf7 29. Kf4 Kf6 30. h4 h6 31. g4 g5+ 32. hxg5+ hxg5+ 33. Kf3 Ke7 34. Ke2 Kd6 35. Kd3 Kc6 1/2-1/2

[Event "Forni di Sopra op 4th"]
[Site "Forni di Sopra"]
[Date "2013.06.16"]
[Round "2"]
[White "Saravanan, Venkat"]
[Black "Petrone, Gianmario"]
[Result "1-0"]
[WhiteElo "2371"]
[BlackElo "1956"]
[PlyCount "55"]
[EventDate "2013.06.15"]
[EventType "swiss"]
[EventRounds "9"]
[EventCountry "ITA"]
[SourceTitle "CBM 155 Extra"]
[Source "ChessBase"]
[SourceDate "2013.08.26"]
[SourceVersion "1"]
[SourceVersionDate "2013.08.26"]
[SourceQuality "1"]

1. Nf3 Nf6 2. c4 g6 3. Nc3 Bg7 4. e4 d6 5. d4 0-0 6. Be2 e5 7. Be3 exd4 8. Nxd4 Re8 9. f3 Nc6 10. 0-0 Nh5 11. Nc2 Be6 12. Qd2 f5 13. Rad1 Nf6 14. Bg5 Qc8 15. exf5 Bxf5 16. Ne3 Be6 17. Ncd5 Bxd5 18. cxd5 Ne5 19. Bxf6 Bxf6 20. f4 Nf7 21. Bg4 Qd8 22. Be6 c6 23. Rde1 Qb6 24. Kh1 Qxb2 25. Qxb2 Bxb2 26. Rb1 Bd4 27. Rxb7 Rf8 28. Nc4 1-0

[Event "Milan Carnevale op 4th"]
[Site "Milan"]
[Date "2013.02.13"]
[Round "1"]
[White "Podetti, Davide"]
[Black "Petrone, Gianmario"]
[Result "1/2-1/2"]
[WhiteElo "1741"]
[BlackElo "1968"]
[PlyCount "50"]
[EventDate "2013.02.13"]
[EventType "swiss"]
[EventRounds "6"]
[EventCountry "ITA"]
[SourceTitle "EXT 2014"]
[Source "ChessBase"]
[SourceDate "2013.11.20"]
[SourceVersion "1"]
[SourceVersionDate "2013.11.20"]
[SourceQuality "1"]

1. e4 c5 2. Nc3 d6 3. f4 Nc6 4. Nf3 g6 5. g3 Bg7 6. Bg2 e6 7. d3 Nge7 8. Bd2 0-0 9. 0-0 Nd4 10. Rb1 Nec6 11. Nxd4 Nxd4 12. Ne2 Bd7 13. c3 Nxe2+ 14. Qxe2 Re8 15. e5 d5 16. Be3 Rc8 17. c4 d4 18. Bd2 Bc6 19. b4 cxb4 20. Bxb4 b6 21. Rfc1 Bf8 22. Bxf8 Rxf8 23. Bxc6 Rxc6 24. Qe4 Rc5 25. Rb5 Qd7 1/2-1/2

[Event "Milan Province-ch"]
[Site "Milan"]
[Date "2013.01.26"]
[Round "4"]
[White "Petrone, Gianmario"]
[Black "Valdettaro, Filippo"]
[Result "1/2-1/2"]
[WhiteElo "1963"]
[BlackElo "1721"]
[PlyCount "50"]
[EventDate "2013.01.24"]
[EventType "swiss"]
[EventRounds "6"]
[EventCountry "ITA"]
[SourceTitle "EXT 2014"]
[Source "ChessBase"]
[SourceDate "2013.11.20"]
[SourceVersion "1"]
[SourceVersionDate "2013.11.20"]
[SourceQuality "1"]

1. e4 e6 2. d4 d5 3. Nc3 Nf6 4. Bg5 Be7 5. e5 Nfd7 6. h4 c5 7. Bxe7 Qxe7 8. Nb5 Kd8 9. c3 Nc6 10. Nd6 f6 11. f4 a6 12. Nf3 b5 13. a3 cxd4 14. cxd4 Nb6 15. b3 Bd7 16. Nb7+ Ke8 17. Nd6+ Kd8 18. Nb7+ Ke8 19. Nc5 Kf7 20. Be2 Rhc8 21. Nb7 Rc7 22. Nd6+ Kg8 23. Qd2 Nc8 24. Nxc8 Raxc8 25. 0-0 Be8 1/2-1/2

[Event "Biella op 3rd"]
[Site "Biella"]
[Date "2012.09.30"]
[Round "5"]
[White "Medici, Simone"]
[Black "Petrone, Gianmario"]
[Result "1/2-1/2"]
[WhiteElo "2102"]
[BlackElo "1981"]
[PlyCount "88"]
[EventDate "2012.09.28"]
[EventType "swiss"]
[EventRounds "9"]
[EventCountry "ITA"]
[SourceTitle "EXT 2013"]
[Source "ChessBase"]
[SourceDate "2012.11.22"]
[SourceVersion "1"]
[SourceVersionDate "2012.11.22"]
[SourceQuality "1"]

1. d4 Nf6 2. c4 g6 3. Nf3 Bg7 4. Nc3 d6 5. e3 0-0 6. h3 c5 7. Bd3 Nc6 8. a3 cxd4 9. exd4 e5 10. d5 Ne7 11. 0-0 Nd7 12. Ng5 Nc5 13. Bc2 h6 14. Nge4 Nxe4 15. Nxe4 f5 16. Nc3 b6 17. b3 f4 18. Qf3 Nf5 19. Bxf5 Bxf5 20. Ne4 Qd7 21. a4 Bxe4 22. Qxe4 Qf5 23. f3 Qxe4 24. fxe4 Bf6 25. a5 bxa5 26. Bd2 Bd8 27. Bxa5 Bb6+ 28. Bxb6 axb6 29. Kf2 Kf7 30. Ke2 Ke7 31. b4 Rfc8 32. Kd3 g5 33. Rfc1 h5 34. c5 bxc5 35. bxc5 Rxc5 36. Rxa8 Rxc1 37. Ra7+ Kd8 38. Rg7 g4 39. hxg4 hxg4 40. Rxg4 Rd1+ 41. Kc4 Rd4+ 42. Kb5 Rxe4 43. Kc6 Ke7 44. Rg7+ Kf6 1/2-1/2